Musiikkia kirjaimittain- M - Statistics

Yleistilastot
  • Tätä visaa on pelattu 213 kertaa
  • Keskiarvotulos 6 / 16
Vastaustilastot
Kappaleet Maa Aktiivisena Artisti/bändi % Oikein
Vielä on kesää jäljellä | Älä jätä minua Suomi 1984-1989, 1992-2004, 2006-2014, 2020- Mamba
74%
Master of Puppets | Die, Die My Darling Yhdysvallat 1981- Metallica
74%
Party in the U.S.A. | Flowers Yhdysvallat 2001- Miley Cyrus
56%
Papa Don’t Preach | Give it 2 me Yhdysvallat 1979- Madonna
54%
Le parole lontane | I Wanna Be Your Slave Italia 2016- Måneskin
54%
Abrakadabra | Enkelit lentää sun uniin Suomi 1979- Mikko Kuustonen
46%
Totuutta ja tehtävää | Ei saa surettaa Suomi 1990- Maija Vilkkumaa
44%
Olkinainen | Lapsuuden sankarille Suomi 1986-2010, 2014- Miljoonasade
40%
You're My Heart, You're My Soul | Brother Louie Saksa 1984-1987, 1998-2003 Modern Talking
35%
Man in the Mirror | Liberian Girl Yhdysvallat 1964-2009 Michael Jackson
28%
She Will Be Loved | Sugar Yhdysvallat 1994- Maroon 5
27%
Ristinolla | Cupido Suomi 1994-2000, 2007- Movetron
27%
Supermassive Black Hole | Resistance Iso-Britannia 1994- Muse
26%
Ukkonen | Peltisydän Suomi 1992-2024 Maj Karma
23%
Hook in mouth | Use the man Yhdysvallat 1983-2002, 2004- Megadeth
4%
Sweat (A La La La La Long) | Love, Sex & Sunshine Saksa 1991- Mr. President
2%
Ehtoja vastaavia visoja ei löytynyt
Tulosjakauma
Jokaisen tuloksen saaneiden osuus
Persentiili vastausten määrän mukaan
Tuloshistoriasi
Et ole pelannut tätä visaa